000 00665nmc a2200277 a 4500
003 AR-BaBNM
005 20251128204119.0
008 267019s1979 ||||||||||||||000 | spa||
040 _cAR-BaBNM
100 1 _aGuido, Beatriz
245 1 0 _aFin de fiesta
250 _a7ª ed.
260 _aBuenos Aires
_bLosada
_c1979
300 0 _a244 p.
490 0 _aBiblioteca clásica y contemporánea
650 4 _aLITERATURA ARGENTINA
650 4 _aESCRITORES
650 4 _aNOVELAS
650 4 _aHUMOR
650 4 _aLITERATURA CONTEMPORANEA
653 0 _aCRITICA SOCIAL
653 0 _aCOSTUMBRISMO
655 _aLITERATURA
942 _cBK
998 _cMARTIN
999 _c6227
_d6227